The All England Report 1990 Vol 3 (Record no. 5355)

MARC details
000 -LEADER
fixed length control field 00354nam a22001337a 4500
008 - FIXED-LENGTH DATA ELEMENTS--GENERAL INFORMATION
fixed length control field 130503b xxu||||| |||| 00| 0 eng d
050 ## - LIBRARY OF CONGRESS CALL NUMBER
Item number 3
082 ## - DEWEY DECIMAL CLASSIFICATION NUMBER
Edition number 22 ED
Classification number 348.42 ALL
100 ## - MAIN ENTRY--PERSONAL NAME
Personal name PETER HUTCHESSON
245 ## - TITLE STATEMENT
Title The All England Report 1990 Vol 3
Statement of responsibility, etc HUETERTCHESSON PETER
260 ## - PUBLICATION, DISTRIBUTION, ETC. (IMPRINT)
Place of publication, distribution, etc LONDON
Name of publisher, distributor, etc LONDON
300 ## - PHYSICAL DESCRIPTION
Extent xvi.;992 P
Dimensions 23cm
942 ## - ADDED ENTRY ELEMENTS (KOHA)
Source of classification or shelving scheme Dewey Decimal Classification
Item type Law Reports
Holdings
Withdrawn status Lost status Source of classification or shelving scheme Damaged status Not for loan Home library Current library Date acquired Total Checkouts Full call number Barcode Date last seen Price effective from Koha item type Public note
    Dewey Decimal Classification     Law Development Centre Main Library Law Development Centre Main Library 05/03/2013   348.42 ALL 4744/2013 05/03/2013 05/03/2013 Law Reports Reserve
    Dewey Decimal Classification     Law Development Centre Main Library Law Development Centre Main Library 05/03/2013   348.42 ALL 4745/2013 05/03/2013 05/03/2013 Law Reports Reserve